|
|
|
|
| LEADER |
01176nam a2200325 a 4500 |
| 001 |
c000127125 |
| 003 |
CARM |
| 005 |
20000321202643.0 |
| 008 |
770901s1976 enkcf b 001 0 eng |
| 010 |
|
|
|a 77359957 //r84
|
| 015 |
|
|
|a GB***
|
| 019 |
1 |
|
|a 23870591
|z 20892882
|z 961643
|5 LACONCORD2021
|
| 020 |
|
|
|z 07181154740 :
|c L.5.00
|
| 020 |
|
|
|z 07181154740 :
|
| 035 |
|
|
|a (OCoLC)2548752
|5 LACONCORD2021
|
| 040 |
|
|
|a LC
|b eng
|c LC
|d XNLS
|d LC
|
| 043 |
|
|
|a e-uk---
|
| 050 |
0 |
0 |
|a JN405
|b .W54 1976
|
| 082 |
0 |
4 |
|a 354/.41/032
|
| 082 |
0 |
4 |
|a 354/.41/032
|
| 100 |
1 |
|
|a Wilson, Harold,
|c Sir,
|d 1916-
|
| 245 |
1 |
4 |
|a The governance of Britain /
|c Harold Wilson.
|
| 260 |
|
|
|a London :
|b Weidenfeld and Nicolson,
|c 1976.
|
| 300 |
|
|
|a xi, 219 p., [1] leaf of plates :
|b port. ;
|c 25 cm.
|
| 504 |
|
|
|a Includes bibliographical references and index.
|
| 650 |
|
0 |
|a Cabinet system
|z Great Britain.
|
| 651 |
|
0 |
|a Great Britain
|x Politics and government.
|
| 852 |
8 |
|
|b CARM
|h A2:AH24E0
|i C04155
|p 0125476
|f BK
|
| 999 |
f |
f |
|i 7d45abbd-404c-5aad-9d4a-4f739e4bb4f7
|s 93d0ad96-051a-517d-bfc8-46bde1d41b39
|
| 952 |
f |
f |
|p Can circulate
|a CAVAL
|b CAVAL
|c CAVAL
|d CARM 1 Store
|e C04155
|f A2:AH24E0
|h Other scheme
|i book
|m 0125476
|